| 000 | 00868cam a22002531 4500 | ||
|---|---|---|---|
| 001 | 22874 | ||
| 003 | BD-RjUL | ||
| 005 | 20211209000850.0 | ||
| 008 | 140309s1957 nyua 001 0 eng | ||
| 035 | _a(BD-RjUL)22939 | ||
| 040 |
_aDLC/ICU _cICU _dBD-RjUL _beng |
||
| 041 | _aeng | ||
| 082 | 0 | 0 |
_a530.1 _bLIF 1957 |
| 100 | 1 |
_aLindsay, Robert Bruce, _d1900- _929228 |
|
| 245 | 1 | 0 |
_aFoundations of physics / _cRobert Bruce Lindsay and Henry Margenau. |
| 260 |
_aNew York : _bDover Publications, _cc1957. |
||
| 300 |
_axi, 542 p. : _billus. ; _c22 cm. |
||
| 500 | _a"An unabridged republication of the first edition with corrections and a new reading list prepared by the authors." | ||
| 504 | _aIncludes index. | ||
| 650 | 0 |
_aPhysics _xPhilosophy. _970524 |
|
| 700 | 1 |
_aMargenau, Henry, _d1901-1997, _ejoint author. _927259 |
|
| 942 |
_2ddc _cBK |
||
| 999 |
_c22874 _d22874 |
||